ბათუმის შოთა რუსთაველის სახელმწიფო უნივერსიტეტის ბიბლიოთეკა

საენტოლოგია: (ბიბ.ჩანაწერი № 58207)

000 -ლიდერი
ფიქსირებული სიგრძის საკონტროლო ველი 01020nam a22002177a 4500
003 - საკონტროლო ნომრის იდენტიფიკატორი
საკონტროლო ველი Ge_BSU
005 - ბოლო ოპერაციის თარიღი და დრო
საკონტროლო ველი 20210916104940.0
008 - ფიქსირებული სიგრძის მონაცემთა ელემენტები - ზოგადი ინფორმაცია
ფიქსირებული სიგრძის საკონტროლო ველი 210916s2009 ge ||||| |||| 00| 0 geo d
020 ## - წიგნის საერთაშორისო სტანდარტული ნომერი
International Standard Book Number 9788776886868
041 ## - ენის კოდი
Language code of text/sound track or separate title geo
080 ## - უნივერსალური ათობითი კლასიფიკაციის ინდექსი
Universal Decimal Classification number 299.93:159.964 ჰ-13
100 ## - მთავარი ჩანაწერი - პიროვნების სახელი
Personal name ჰებარდი, ლ. რონ
9 (RLIN) 12479
245 ## - ცნობა სათაურის შესახებ
Title საენტოლოგია:
Remainder of title ახალი მზერა სამყაროზე /
Statement of responsibility, etc ლ. რონ ჰაბარდი.
264 ## - წარმოების, გამოცემის, დისტრიბუციის და სხვა ცნობები
გამოცემის, წარმოების, დისტრიბუციის... ადგილი Smedeland :
გამოცემის, წარმოების, დისტრიბუციის... სახელწოდება Glostrup : New Era Publications International ApS : A Hubbard Publication,
გამოცემის, წარმოების, დისტრიბუციის... თარიღი 2009.
300 ## - ფიზიკური აღწერა
Extent 364 გვ. :
Other physical details ილ. ;
Dimensions 23 სმ.
440 ## - სერიის ცნობა / დამატებულია ჩანაწერი - სათაური
Title ნომერ პირველი საერთაშორისო ბესტსელერის - დიანეტიკის ავტორი
9 (RLIN) 12480
500 ## - ზოგადი შენიშვნა
General note ინდექსები: გვ. 331-363.
653 ## - INDEX TERM--UNCONTROLLED
Uncontrolled term საენტოლოგია
653 ## - INDEX TERM--UNCONTROLLED
Uncontrolled term ადამიანის ცნობიერება
942 ## - ADDED ENTRY ELEMENTS (KOHA)
Source of classification or shelving scheme
Koha item type წიგნი
ეგზემპლარები
ჩამოწერის სტატუსი დაკარგული ეგზემპლარის სტატუსი კლასიფიკაციის წყარო ან თაროზე გაწყობის სქემა დაზიანების სტატუსი არ გაიცემა მუდმივი მდებარეობა (დაცვის ადგილი) ამჟამინდელი ადგილსამყოფელი თაროზე განთავსების ადგილი შეძენის თარიღი ღირებულება, შესყიდვის ნორმალური ფასი სრული შენახვის შიფრი შტრიხკოდი ბოლო ოპერაციის თარიღი ეგზემპლარის მიმდევრობითი ნომერი (კეტერი?) ფასის ძალაში შესვლის თარიღი ეგზემპლარის სახეობა საჯარო შენიშვნა
          ბათუმის შოთა რუსთაველის სახელმწიფო უნივერსიტეტის მთავარი ბიბლიოთეკა ბათუმის შოთა რუსთაველის სახელმწიფო უნივერსიტეტის მთავარი ბიბლიოთეკა წიგნსაცავი 2021-09-16 8.00 299.93:159.964 ჰ-13 61697 2021-09-16 61697 2021-09-16 წიგნი 8 ლ.